000
00285nam a22001217a 4500
008
181012b xxu||||| |||| 00| 0 eng d
041
_a
eng
080
_a
616
100
_a
9
101
_a
PAT
245
_a
The Architecture of normal and malfromed Hearts
_c
Spitzer,A
942
_2
udc
_c
BK
999
_c
49510
_d
49510